| 000 | nam a22 a 4500 | ||
|---|---|---|---|
| 999 |
_c420100 _d420100 |
||
| 003 | BLK | ||
| 005 | 20210616113818.0 | ||
| 008 | 210611b bu |||||r|||| 00| 0 bu d | ||
| 040 | _aBLK | ||
| 041 |
_aBUL _cBUL |
||
| 080 |
_aТенис. Тенис на маса вж 796.386 _b796.342 _z796.342 |
||
| 100 |
_9458043 _aЗаржецки, Константин Аполонович _eпърви автор |
||
| 139 | _aЗаржецки, Константин Аполонович | ||
| 245 |
_aТенис _bУч. помагало за секциите на физкулт. колективи _cК. А. Заржецки ; прев. от рус. Ал. Дичев. |
||
| 257 | _aSUN | ||
| 260 |
_9216430 _aСофия _bФизкултура _c1951 |
||
| 300 |
_a204 с. _bс ил. _c20 см |
||
| 380 | _a79 | ||
| 501 | _a2 000 тир. | ||
| 650 | 7 |
_9173449 _aТенис |
|
| 852 |
_aЦб 7.200.40049 _bО |
||
| 942 |
_cKNG _n0 _s1 |
||
| 944 |
_aCR _c2021-06-16 _kКети |
||
| 999 | _d420018 | ||